| 000 | 01373nam a22002657a 4500 | ||
|---|---|---|---|
| 003 | Uzh_bibl | ||
| 008 | 260629b |||||||| |||| 00| 0 ukr d | ||
| 020 |
_a5-7720-0546-6 _c1.40 |
||
| 040 | _aукр. | ||
| 041 |
_2ukr _aukr |
||
| 080 | _a821(477) | ||
| 090 |
_a821(477) _bГ69 |
||
| 100 | _aГорлач, Леонід | ||
| 245 |
_aНа відстані душі _hТекст |
||
| 260 |
_aКиїв _bМолодь _c1991 |
||
| 300 |
_a344 с. _fВ опр. |
||
| 490 | _aСерія "Твори поетів - лауреатів респ. комс. премії ім. М. Островського" | ||
| 520 | _aРоздуми про місце й призначення людини на Землі, про минуле та сучасне рідної України, болючі екологічні проблеми і світлі інтимні почуття в центрі уваги автора, відомого українського поета. | ||
| 521 | _aДля широкого кола читачів | ||
| 546 | _aукр. | ||
| 650 |
_aЛітературно-художнє видання _yМинуле й сучасність України (XX століття) _zУкраїна |
||
| 653 |
_aУкраїна _aЛюдина _aКохання _aПрирода _aЕкологія |
||
| 655 |
_aПоезія _vВибране |
||
| 942 |
_2udc _cBK |
||
| 999 |
_c18584 _d18584 |
||